<?xml version="1.0" encoding="UTF-8"?>
<record
    xmlns:xsi="http://www.w3.org/2001/XMLSchema-instance"
    xsi:schemaLocation="http://www.loc.gov/MARC21/slim http://www.loc.gov/standards/marcxml/schema/MARC21slim.xsd"
    xmlns="http://www.loc.gov/MARC21/slim">

  <leader>01722nam a2200301 i 4500</leader>
  <controlfield tag="003">DO-SdBNP</controlfield>
  <controlfield tag="005">20250529073012.0</controlfield>
  <controlfield tag="007">ta</controlfield>
  <controlfield tag="008">250528b2024    dr ||||| |||| 00| 0 spa d</controlfield>
  <datafield tag="020" ind1=" " ind2=" ">
    <subfield code="a">9789945947922</subfield>
  </datafield>
  <datafield tag="040" ind1=" " ind2=" ">
    <subfield code="a">DO-SdBNP</subfield>
    <subfield code="b">spa</subfield>
    <subfield code="c">BNPHU</subfield>
    <subfield code="e">rda</subfield>
  </datafield>
  <datafield tag="082" ind1=" " ind2=" ">
    <subfield code="a">xxx</subfield>
    <subfield code="b">P925</subfield>
    <subfield code="2">22</subfield>
  </datafield>
  <datafield tag="110" ind1="1" ind2=" ">
    <subfield code="a">Banco de Reservas de la Rep&#xFA;blica Dominicana /</subfield>
    <subfield code="9">6285</subfield>
  </datafield>
  <datafield tag="245" ind1="0" ind2="0">
    <subfield code="a">Premio Banreservas de Relatos de Jazz /</subfield>
    <subfield code="c">jurado, Aurora Arias, C&#xE9;sar Namn&#xFA;m, Elizabeth Villam&#xE1;n</subfield>
  </datafield>
  <datafield tag="264" ind1=" " ind2=" ">
    <subfield code="a">Santo Domingo :</subfield>
    <subfield code="b">Editora B&#xFA;ho,</subfield>
    <subfield code="c">2024.</subfield>
  </datafield>
  <datafield tag="300" ind1=" " ind2=" ">
    <subfield code="a">125 p&#xE1;ginas :</subfield>
    <subfield code="c">23 cm.</subfield>
  </datafield>
  <datafield tag="336" ind1=" " ind2=" ">
    <subfield code="a">texto</subfield>
    <subfield code="b">txt</subfield>
    <subfield code="2">rdacontent</subfield>
  </datafield>
  <datafield tag="337" ind1=" " ind2=" ">
    <subfield code="a">sin mediaci&#xF3;n</subfield>
    <subfield code="b">n</subfield>
    <subfield code="2">rdamedia</subfield>
  </datafield>
  <datafield tag="338" ind1=" " ind2=" ">
    <subfield code="a">texto</subfield>
    <subfield code="b">txt</subfield>
    <subfield code="2">rdacontent</subfield>
  </datafield>
  <datafield tag="500" ind1=" " ind2=" ">
    <subfield code="a">Este libro es un producto cultural de distribuci&#xF3;n gratuita. Prohibida su venta. </subfield>
  </datafield>
  <datafield tag="505" ind1="0" ind2=" ">
    <subfield code="g">Primer lugar --</subfield>
    <subfield code="t">Besos de &#xE1;mbar --</subfield>
    <subfield code="r">Roxanna Delgado Boy&#xE1; (seud&#xF3;nimo Conejo en croma) /</subfield>
    <subfield code="g">Segundo lugar --</subfield>
    <subfield code="t">Pr&#xF3;xima estaci&#xF3;n --</subfield>
    <subfield code="r">Vladimir Tatis (seud&#xF3;nimo Alteamar) /</subfield>
    <subfield code="g">Tercer lugar --</subfield>
    <subfield code="t">El jazzista --</subfield>
    <subfield code="r">Cherny Reyes (seud&#xF3;nimo Sassenach) /</subfield>
    <subfield code="g">Menciones (en orden alfab&#xE9;tico del t&#xED;tulo del relato) --</subfield>
    <subfield code="t">Frito --</subfield>
    <subfield code="r">Sady Feliz (seud&#xF3;nimo Jaula de amor) /</subfield>
    <subfield code="t">La nota discordante --</subfield>
    <subfield code="r">Sandra Tav&#xE1;rez (seud&#xF3;nimo Mara) / </subfield>
    <subfield code="t">Memorias que se sienten como el jazz --</subfield>
    <subfield code="r">Arianna Bastardo Manzueta (seud&#xF3;nimo Shyra) /</subfield>
    <subfield code="t">Tavito en el Olimpo --</subfield>
    <subfield code="r">Luisa Rebecca Valent&#xED;n (seud&#xF3;nimo Dexter Gordon) /</subfield>
    <subfield code="t">T&#xFA;, &#xBF;qu&#xE9; cre&#xED;as? --</subfield>
    <subfield code="r">Isidro Jim&#xE9;nez Guill&#xE9;n (seud&#xF3;nimo anderson MacAnderson Andersen /</subfield>
  </datafield>
  <datafield tag="590" ind1=" " ind2=" ">
    <subfield code="a">Inventariado, 2025/ YL</subfield>
  </datafield>
  <datafield tag="700" ind1="1" ind2=" ">
    <subfield code="a">Arias, Aurora</subfield>
    <subfield code="e">jurado</subfield>
    <subfield code="4">jur.</subfield>
    <subfield code="9">23145</subfield>
  </datafield>
  <datafield tag="700" ind1="1" ind2=" ">
    <subfield code="a">Namn&#xFA;m, C&#xE9;sar</subfield>
    <subfield code="e">jurado</subfield>
    <subfield code="4">jur.</subfield>
    <subfield code="9">25170</subfield>
  </datafield>
  <datafield tag="700" ind1="1" ind2=" ">
    <subfield code="a">Villam&#xE1;n, Elizabeth</subfield>
    <subfield code="e">jurado</subfield>
    <subfield code="4">jur.</subfield>
    <subfield code="9">43508</subfield>
  </datafield>
  <datafield tag="910" ind1=" " ind2=" ">
    <subfield code="a">YLockward</subfield>
  </datafield>
  <datafield tag="942" ind1=" " ind2=" ">
    <subfield code="2">ddc</subfield>
    <subfield code="c">LBS1</subfield>
  </datafield>
  <datafield tag="952" ind1=" " ind2=" ">
    <subfield code="0">0</subfield>
    <subfield code="1">0</subfield>
    <subfield code="2">ddc</subfield>
    <subfield code="5">1</subfield>
    <subfield code="7">0</subfield>
    <subfield code="8">PD</subfield>
    <subfield code="a">BNPHU</subfield>
    <subfield code="b">BNPHU</subfield>
    <subfield code="c">CT</subfield>
    <subfield code="d">2025-02-05</subfield>
    <subfield code="e">Dep&#xF3;sito Legal</subfield>
    <subfield code="l">0</subfield>
    <subfield code="o">BNPHU PD xxx P925</subfield>
    <subfield code="p">2025-2156</subfield>
    <subfield code="r">2025-03-20</subfield>
    <subfield code="w">2025-03-20</subfield>
    <subfield code="y">LBS1</subfield>
  </datafield>
  <datafield tag="952" ind1=" " ind2=" ">
    <subfield code="0">0</subfield>
    <subfield code="1">0</subfield>
    <subfield code="2">ddc</subfield>
    <subfield code="5">1</subfield>
    <subfield code="7">0</subfield>
    <subfield code="8">PD</subfield>
    <subfield code="a">BNPHU</subfield>
    <subfield code="b">BNPHU</subfield>
    <subfield code="c">CT</subfield>
    <subfield code="d">2025-02-05</subfield>
    <subfield code="e">Dep&#xF3;sito Legal</subfield>
    <subfield code="l">0</subfield>
    <subfield code="o">BNPHU PD xxx P925</subfield>
    <subfield code="p">2025-2157</subfield>
    <subfield code="r">2025-03-20</subfield>
    <subfield code="t">e. 2</subfield>
    <subfield code="w">2025-03-20</subfield>
    <subfield code="y">LBS1</subfield>
  </datafield>
  <datafield tag="952" ind1=" " ind2=" ">
    <subfield code="0">0</subfield>
    <subfield code="1">0</subfield>
    <subfield code="2">ddc</subfield>
    <subfield code="5">6</subfield>
    <subfield code="7">0</subfield>
    <subfield code="8">DS</subfield>
    <subfield code="a">BNPHU</subfield>
    <subfield code="b">BNPHU</subfield>
    <subfield code="c">CT</subfield>
    <subfield code="d">2025-02-05</subfield>
    <subfield code="e">Dep&#xF3;sito Legal</subfield>
    <subfield code="l">0</subfield>
    <subfield code="o">BNPHU DS xxx P925</subfield>
    <subfield code="p">2025-2158</subfield>
    <subfield code="r">2025-03-20</subfield>
    <subfield code="t">e.3</subfield>
    <subfield code="w">2025-03-20</subfield>
    <subfield code="y">LBS1</subfield>
  </datafield>
  <datafield tag="999" ind1=" " ind2=" ">
    <subfield code="c">58509</subfield>
    <subfield code="d">58509</subfield>
  </datafield>
</record>
